| 000 | 00362pab a2200121 454500 | ||
|---|---|---|---|
| 008 | 180718b xxu||||| |||| 00| 0 eng d | ||
| 100 | _aJoshi, Sudhanshu | ||
| 245 | _aProcess of Urbanization in Almora town | ||
| 650 | _a Urbanisation | ||
| 650 | _aUrbanisation - India - Uttar Pradesh | ||
| 773 | _aJournal of the Institute of Public Administration | ||
| 909 | _a23289 | ||
| 999 |
_c23289 _d23289 |
||